Johnny Cash - You Are My Sunshine Lyrics - Statistics

General Stats
  • This quiz has been taken 135 times
  • The average score is 184 of 247
Answer Stats
Lyric % Correct
sunshine
100%
are
99%
my
99%
you
99%
me
98%
only
98%
make
97%
happy
96%
when
96%
i
94%
gray
93%
skies
91%
away
89%
love
88%
dear
87%
take
87%
don't
86%
how
85%
know
85%
please
85%
much
84%
never
79%
you'll
75%
the
67%
and
64%
in
63%
so
59%
as
54%
held
52%
night
52%
arms
51%
was
51%
sleeping
50%
other
49%
awoke
46%
lay
46%
but
45%
cried
45%
head
43%
mistaken
43%
no
43%
dreamed
42%
all
40%
to
38%
of
37%
have
35%
always
34%
dreams
29%
could
28%
i'll
28%
one
28%
will
27%
if
26%
another
25%
left
25%
now
25%
it
24%
shattered
24%
leave
22%
loved
21%
you've
20%
come
19%
between
18%
bowed
18%
day
18%
else
17%
heart
13%
say
12%
really
11%
some
10%
once
9%
same
8%
told
8%
regret
7%
awake
5%
seem
4%
back
3%
blame
3%
forgive
2%
pains
2%
poor
2%
No matching quizzes found
Score Distribution
Percent of People with Each Score
Percentile by Number Answered
Your Score History
You have not taken this quiz